US States by Two Borders #2 - Statistics

General Stats
  • This quiz has been taken 16 times
  • The average score is 12 of 15
Answer Stats
Border State Border % Correct
Mexico California Oregon
94%
Gulf of Mexico Florida Atlantic Ocean
94%
Lake Huron Michigan Lake Erie
94%
Oregon Washington Idaho
94%
Pacific Ocean Alaska Arctic Ocean
88%
Connecticut New York New Jersey
88%
Chihuahua Texas Arkansas
88%
Missouri Illinois Lake Michigan
81%
Iowa Wisconsin Upper Peninsula
81%
Utah Wyoming South Dakota
81%
Alberta Montana Saskatchewan
75%
Maryland West Virginia Virginia
75%
Sonora Arizona Baja California
69%
Ontario Minnesota Manitoba
69%
New Brunswick Maine Quebec
63%
No matching quizzes found
Score Distribution
Percent of People with Each Score
Percentile by Number Answered
Your Score History
You have not taken this quiz